书目信息 |
| 题名: |
制革准备
|
|
| 作者: | ;天津市皮革制品工业公司 编 | |
| 分册: | ||
| 出版信息: | 北京 轻工业出版社 1977 |
|
| 页数: | 131页 | |
| 开本: | 19cm | |
| 丛书名: | ||
| 单 册: | ||
| 中图分类: | TS541 | |
| 科图分类: | ||
| 主题词: | 制革,准备工艺 | |
| 电子资源: | ||
| ISBN: | ||
| 000 | 00685nam0 2200229 45 | |
| 001 | 0177002744 | |
| 005 | 20060522164523.79 | |
| 010 | @dCNY0.32 | |
| 100 | @a19951021d1977 em y0chiy0121 ea | |
| 101 | 0 | @achi |
| 102 | @aCN@b110000 | |
| 105 | @ay z 000yy | |
| 200 | 10 | @a制革准备@Azhi ge zhun bei@f天津市皮革制品工业公司编@Ftian jin shi pi ge zhi pin gong ye gong si bian |
| 210 | @a北京@c轻工业出版社@d1977 | |
| 215 | @a131页@d19cm | |
| 300 | @a制革工人技术读本 | |
| 606 | @a制革,准备工艺 | |
| 690 | @aTS541@v3 | |
| 711 | 02 | @a天津市皮革制品工业公司@Atian jin shi pi ge zhi pin gong ye gong si@4编 |
| 801 | 2 | @aCN@bNLC@c20060522 |
| 801 | 0 | @aCN@bTSSF |
| 905 | @a10447@dTS541@e1 | |
| 制革准备/天津市皮革制品工业公司编.-北京:轻工业出版社,1977 |
| 131页;19cm |
| 制革工人技术读本 |
| ISBN :CNY0.32 |
| ● |
| 相关链接 |
|
|
|
|
正题名:制革准备
索取号:TS541/1
 
预约/预借
| 序号 | 登录号 | 条形码 | 馆藏地/架位号 | 状态 | 备注 |
| 1 | 0005270 | 001693563 | 密集书库/ [索取号:TS541/1] | 在馆 |